[Event "Titled Tuesday intern op 03rd Jan Late"]
[Site "Chess.com INT"]
[Date "2025.06.03"]
[Round "11"]
[White "Amarasinghe, AACB"]
[Black "Abel Mathewos, Tilahun"]
[Result "0-1"]
[WhiteElo "1949"]
[BlackElo "1944"]
[PlyCount "82"]
[EventDate "2025.06.03"]
[EventType "swiss (blitz)"]
[EventRounds "11"]
[EventCountry "USA"]
[SourceTitle "CB24_2025"]
[SourceDate "2025.06.11"]
[SourceVersion "1"]
[SourceVersionDate "2025.06.11"]
[SourceQuality "1"]

1. d4 Nf6 2. c4 g6 3. Nc3 Bg7 4. e4 d6 5. f3 0-0 6. Be3 c5 7. Nge2 Nc6 8. d5 Ne5 9. Ng3 h5 10. Be2 h4 11. Nf1 e6 12. Qc2 exd5 13. cxd5 a6 14. a4 h3 15. g3 Rb8 16. a5 b5 17. axb6 Qxb6 18. Ra2 a5 19. Nd2 Ba6 20. 0-0 Bxe2 21. Nxe2 Qa6 22. Nc1 Rb4 23. Bf4 Nfd7 24. Bg5 Rfb8 25. b3 c4 26. bxc4 Nxc4 27. Nxc4 Rxc4 28. Qe2 Bd4+ 29. Kh1 a4 30. Nd3 Rc3 31. Nf4 Qxe2 32. Nxe2 Rc4 33. Nxd4 Rxd4 34. Rfa1 Rb3 35. Be7 Rxf3 36. Bxd6 Rxe4 37. Kg1 Rd4 38. Rxa4 Rxd5 39. Bf4 Nc5 40. Ra8+ Kg7 41. Bg5 Ne4 0-1

[Event "Titled Tuesday intern op 03rd Jan Late"]
[Site "Chess.com INT"]
[Date "2025.06.03"]
[Round "5"]
[White "Amarasinghe, AACB"]
[Black "Deichmann, Esteban Horacio"]
[Result "0-1"]
[WhiteElo "1949"]
[BlackElo "2085"]
[PlyCount "90"]
[EventDate "2025.06.03"]
[EventType "swiss (blitz)"]
[EventRounds "11"]
[EventCountry "USA"]
[SourceTitle "CB24_2025"]
[SourceDate "2025.06.11"]
[SourceVersion "1"]
[SourceVersionDate "2025.06.11"]
[SourceQuality "1"]

1. d4 c5 2. d5 d6 3. c4 e5 4. Nc3 f5 5. g3 g5 6. Bg2 h5 7. h4 g4 8. e4 Bh6 9. exf5 Bxf5 10. Ne4 Nf6 11. Ng5 b5 12. Ne2 Qd7 13. Ne6 Ke7 14. cxb5 Qxb5 15. Nc3 Qd7 16. 0-0 Na6 17. f3 Raf8 18. Bxh6 Rxh6 19. fxg4 Nxg4 20. Qd2 Rg6 21. Ne4 Nb4 22. N4g5 Rgf6 23. a3 Nd3 24. Rxf5 Rxf5 25. Qxd3 Qb7 26. Rf1 Rxf1+ 27. Bxf1 Nf6 28. b3 Rg8 29. Bg2 Qb6 30. Kh2 Qa5 31. b4 cxb4 32. axb4 Qxb4 33. Qc2 Qb7 34. Qc6 Qxc6 35. dxc6 d5 36. Nc5 Kd6 37. Nb7+ Kxc6 38. Na5+ Kb5 39. Nb3 Kc4 40. Nd2+ Kd3 41. Ndf3 e4 42. Ne5+ Kd4 43. Nc6+ Kc5 44. Ne5 Ng4+ 45. Nxg4 hxg4 0-1

[Event "Titled Tuesday intern op 03rd Jan Late"]
[Site "Chess.com INT"]
[Date "2025.06.03"]
[Round "3"]
[White "Amarasinghe, AACB"]
[Black "Fadi, Marko"]
[Result "1-0"]
[WhiteElo "1949"]
[BlackElo "2244"]
[PlyCount "59"]
[EventDate "2025.06.03"]
[EventType "swiss (blitz)"]
[EventRounds "11"]
[EventCountry "USA"]
[SourceTitle "CB24_2025"]
[SourceDate "2025.06.11"]
[SourceVersion "1"]
[SourceVersionDate "2025.06.11"]
[SourceQuality "1"]

1. d4 g6 2. c4 Bg7 3. Nc3 Nf6 4. e4 0-0 5. f3 d6 6. Be3 c6 7. Qd2 Nbd7 8. Bh6 e5 9. Bxg7 Kxg7 10. Nge2 a6 11. h4 h5 12. 0-0-0 b5 13. c5 exd4 14. Nxd4 dxc5 15. Nxc6 Qc7 16. Ne7 Bb7 17. g4 Ne5 18. Nf5+ gxf5 19. Qg5+ Ng6 20. gxf5 Qf4+ 21. Kb1 b4 22. fxg6 Qxg5 23. hxg5 bxc3 24. gxf6+ Kxf6 25. gxf7 cxb2 26. Rxh5 Rxf7 27. Bc4 Rc7 28. Rf5+ Kg7 29. Rg1+ Kh8 30. Bf7 1-0

[Event "Titled Tuesday intern op 03rd Jan Late"]
[Site "Chess.com INT"]
[Date "2025.06.03"]
[Round "9"]
[White "Amarasinghe, AACB"]
[Black "Schuster, Karsten"]
[Result "0-1"]
[WhiteElo "1949"]
[BlackElo "2266"]
[PlyCount "72"]
[EventDate "2025.06.03"]
[EventType "swiss (blitz)"]
[EventRounds "11"]
[EventCountry "USA"]
[SourceTitle "CB24_2025"]
[SourceDate "2025.06.11"]
[SourceVersion "1"]
[SourceVersionDate "2025.06.11"]
[SourceQuality "1"]

1. d4 f5 2. g3 Nf6 3. Bg2 g6 4. Nf3 Bg7 5. 0-0 0-0 6. c4 d6 7. Nc3 c6 8. b3 Nbd7 9. Bb2 Qe8 10. d5 e5 11. dxe6 Qxe6 12. Nd4 Qe7 13. a4 Nc5 14. b4 Nce4 15. e3 Nxc3 16. Bxc3 Ne4 17. c5 Nxc3 18. Qb3+ Nd5 19. Bxd5+ cxd5 20. Qxd5+ Kh8 21. cxd6 Qf7 22. Qxf7 Rxf7 23. Rfd1 Bd7 24. b5 Rc8 25. Rac1 Rxc1 26. Rxc1 Bxd4 27. exd4 Kg7 28. Rc7 Be8 29. Rc8 Kf8 30. Kf1 Rd7 31. Rc7 Kf7 32. Ke2 Ke6 33. Rc8 Bf7 34. Rh8 h5 35. Rh7 Kxd6 36. Ke3 g5 0-1

[Event "Titled Tuesday intern op 03rd Sep Early"]
[Site "Chess.com INT"]
[Date "2024.09.03"]
[Round "5"]
[White "Amarasinghe, AACB"]
[Black "Bonev, Todor"]
[Result "0-1"]
[WhiteElo "1893"]
[BlackElo "2209"]
[PlyCount "122"]
[EventDate "2024.09.03"]
[EventType "swiss (blitz)"]
[EventRounds "11"]
[EventCountry "USA"]
[SourceTitle "EXT 2025"]
[Source "ChessBase"]
[SourceDate "2024.10.14"]
[SourceVersion "1"]
[SourceVersionDate "2024.10.14"]
[SourceQuality "1"]

1. e4 c5 2. Nf3 e6 3. b4 cxb4 4. d4 d5 5. e5 Nc6 6. a3 f6 7. axb4 Bxb4+ 8. c3 Bf8 9. Bd3 g6 10. exf6 Nxf6 11. 0-0 Bg7 12. Ba3 a6 13. Re1 Qc7 14. Ng5 Nd8 15. Nd2 Bf8 16. Bxf8 Kxf8 17. c4 Kg7 18. Rc1 Qf4 19. Ndf3 Bd7 20. g3 Qd6 21. c5 Qc7 22. Qd2 h6 23. Nh3 Be8 24. Ne5 Nc6 25. Qf4 Rf8 26. Qh4 Nxe5 27. Rxe5 Qf7 28. f4 Bb5 29. Bb1 Bc6 30. Rce1 Ne4 31. Bxe4 dxe4 32. Nf2 Rad8 33. Nxe4 Rxd4 34. Nd6 Qf6 35. Qxf6+ Rxf6 36. Rxe6 Rxe6 37. Rxe6 Rd1+ 38. Kf2 Rd2+ 39. Kg1 Rg2+ 40. Kf1 Rxh2 41. f5 gxf5 42. Nxf5+ Kf7 43. Rd6 Rc2 44. Nxh6+ Kf8 45. Rf6+ Kg7 46. Ng4 Rc4 47. Rf4 Rxc5 48. Ke2 a5 49. Ne3 a4 50. Rb4 a3 51. Rb3 Ra5 52. Rb1 b5 53. Ra1 b4 54. Nc4 Bb5 55. Kd3 b3 56. Kc3 Bxc4 57. Kxc4 b2 58. Rb1 a2 59. Rxb2 a1Q 60. Rb7+ Kg6 61. Rb6+ Kg5 0-1

[Event "Titled Tuesday intern op 03rd Sep Early"]
[Site "Chess.com INT"]
[Date "2024.09.03"]
[Round "11"]
[White "Amarasinghe, AACB"]
[Black "Filindash, Nikita"]
[Result "0-1"]
[WhiteElo "1893"]
[BlackElo "2067"]
[PlyCount "80"]
[EventDate "2024.09.03"]
[EventType "swiss (blitz)"]
[EventRounds "11"]
[EventCountry "USA"]
[SourceTitle "EXT 2025"]
[Source "ChessBase"]
[SourceDate "2024.10.14"]
[SourceVersion "1"]
[SourceVersionDate "2024.10.14"]
[SourceQuality "1"]

1. e4 c5 2. Nf3 d6 3. d4 cxd4 4. Nxd4 Nf6 5. Nc3 a6 6. h3 e6 7. g4 Be7 8. g5 Nfd7 9. Bg2 Bxg5 10. Nxe6 fxe6 11. Qh5+ g6 12. Qxg5 Qxg5 13. Bxg5 Ne5 14. 0-0-0 Nf7 15. Bf6 Rg8 16. f4 Nd7 17. Bh4 Nc5 18. Rhe1 Bd7 19. Bf6 Bc6 20. Bh1 Kd7 21. b4 Na4 22. Nd5 Rae8 23. c4 b5 24. Ne3 Kc7 25. Kb1 Kb7 26. h4 e5 27. f5 Nc3+ 28. Kb2 Nxd1+ 29. Rxd1 Rc8 30. Rd2 gxf5 31. Nxf5 Rg4 32. c5 dxc5 33. bxc5 Bxe4 34. Bxe4+ Rxe4 35. Nd6+ Nxd6 36. cxd6 Rf4 37. Bg5 Re4 38. d7 Rb4+ 39. Ka3 Ra4+ 40. Kb3 Rcc4 0-1

[Event "Titled Tuesday intern op 03rd Sep Early"]
[Site "Chess.com INT"]
[Date "2024.09.03"]
[Round "8"]
[White "Amarasinghe, AACB"]
[Black "Marcziter, Dmitrii"]
[Result "1-0"]
[WhiteElo "1893"]
[BlackElo "2220"]
[PlyCount "93"]
[EventDate "2024.09.03"]
[EventType "swiss (blitz)"]
[EventRounds "11"]
[EventCountry "USA"]
[SourceTitle "EXT 2025"]
[Source "ChessBase"]
[SourceDate "2024.10.14"]
[SourceVersion "1"]
[SourceVersionDate "2024.10.14"]
[SourceQuality "1"]

1. e4 e5 2. Nf3 Nc6 3. c3 d5 4. Qa4 Bd7 5. exd5 Nd4 6. Qd1 Nxf3+ 7. Qxf3 Nf6 8. c4 Bc5 9. Nc3 Bg4 10. Qg3 0-0 11. h3 Bh5 12. Bd3 e4 13. Bc2 Bd6 14. Qg5 h6 15. Qe3 Qe7 16. 0-0 Rfe8 17. d3 Qe5 18. f4 exf3 19. Qxe5 Bxe5 20. gxf3 Bd4+ 21. Kg2 Re7 22. Bf4 Rae8 23. Ba4 Rd8 24. Rae1 Rxe1 25. Rxe1 Kf8 26. Bxc7 Rc8 27. Bd6+ Kg8 28. Re7 Rd8 29. Bc7 Ra8 30. d6 Kf8 31. Ne4 Bg6 32. Ba5 Bxb2 33. Rxb7 Be5 34. c5 Nh5 35. Bc6 Rc8 36. Bd7 Ra8 37. Bd2 Nf4+ 38. Bxf4 Bxf4 39. d4 Be3 40. c6 Bf4 41. c7 Bxe4 42. fxe4 Bxd6 43. c8Q+ Rxc8 44. Bxc8 a5 45. Rb5 Bb4 46. e5 Ke7 47. Bb7 1-0

[Event "Titled Tuesday intern op 03rd Sep Early"]
[Site "Chess.com INT"]
[Date "2024.09.03"]
[Round "9"]
[White "Korol, Dimitry"]
[Black "Amarasinghe, AACB"]
[Result "1-0"]
[WhiteElo "2287"]
[BlackElo "1893"]
[PlyCount "75"]
[EventDate "2024.09.03"]
[EventType "swiss (blitz)"]
[EventRounds "11"]
[EventCountry "USA"]
[SourceTitle "EXT 2025"]
[Source "ChessBase"]
[SourceDate "2024.10.14"]
[SourceVersion "1"]
[SourceVersionDate "2024.10.14"]
[SourceQuality "1"]

1. d4 Nf6 2. c4 e6 3. Nc3 d5 4. Bg5 Nbd7 5. cxd5 exd5 6. e3 c6 7. Bd3 Be7 8. Qc2 h6 9. Bh4 a6 10. Nge2 0-0 11. f3 Re8 12. 0-0 c5 13. Rad1 b5 14. Bf2 Bb7 15. Bf5 Rc8 16. Qb1 b4 17. Na4 c4 18. Ng3 Qa5 19. b3 c3 20. h3 Bc6 21. Bc2 Bd6 22. Nf5 Bf8 23. Rfe1 Bxa4 24. bxa4 Nb6 25. Qb3 Nc4 26. Re2 Re6 27. e4 dxe4 28. fxe4 Nd2 29. Rdxd2 cxd2 30. e5 Nd5 31. Rxd2 g6 32. Ng3 Nb6 33. Ne4 Nc4 34. Re2 Be7 35. Qg3 Na3 36. Bb3 Rc3 37. Nxc3 bxc3 38. Bxe6 1-0

[Event "Titled Tuesday intern op 27th Aug Early"]
[Site "Chess.com INT"]
[Date "2024.08.27"]
[Round "4"]
[White "Amarasinghe, AACB"]
[Black "Xiong, Jeffery"]
[Result "0-1"]
[WhiteElo "1889"]
[BlackElo "2646"]
[PlyCount "76"]
[EventDate "2024.08.27"]
[EventType "swiss (blitz)"]
[EventRounds "11"]
[EventCountry "USA"]
[SourceTitle "EXT 2025"]
[Source "ChessBase"]
[SourceDate "2024.10.14"]
[SourceVersion "1"]
[SourceVersionDate "2024.10.14"]
[SourceQuality "1"]

1. Nf3 c5 2. c4 Nf6 3. d4 cxd4 4. Nxd4 e6 5. Nc3 a6 6. a3 Qc7 7. e4 b6 8. Be3 Bb7 9. f3 Be7 10. Rc1 0-0 11. Be2 d6 12. 0-0 Nbd7 13. Qb3 Rac8 14. Rfd1 Qb8 15. Kh1 Rfe8 16. Qa2 Bd8 17. b4 Bc7 18. Bg1 h5 19. g3 Qa8 20. Bf2 Ne5 21. Kg1 Ng6 22. Nb3 h4 23. c5 dxc5 24. bxc5 hxg3 25. hxg3 Qb8 26. Kg2 Nh5 27. f4 Nxg3 28. Bxg3 Bxf4 29. Bxf4 Qxf4 30. Qd2 Bxe4+ 31. Nxe4 Qxe4+ 32. Bf3 Nh4+ 33. Kg3 Qxf3+ 34. Kxh4 f6 35. Rg1 g5+ 36. Rxg5+ fxg5+ 37. Qxg5+ Kf7 38. Nd4 Rh8+ 0-1

[Event "Titled Tuesday intern op 27th Aug Early"]
[Site "Chess.com INT"]
[Date "2024.08.27"]
[Round "2"]
[White "Matveeva, Olga"]
[Black "Amarasinghe, AACB"]
[Result "0-1"]
[WhiteElo "2182"]
[BlackElo "1889"]
[PlyCount "74"]
[EventDate "2024.08.27"]
[EventType "swiss (blitz)"]
[EventRounds "11"]
[EventCountry "USA"]
[SourceTitle "EXT 2025"]
[Source "ChessBase"]
[SourceDate "2024.10.14"]
[SourceVersion "1"]
[SourceVersionDate "2024.10.14"]
[SourceQuality "1"]

1. d4 Nf6 2. c4 e6 3. g3 d5 4. Nf3 Bb4+ 5. Bd2 Be7 6. Bg2 0-0 7. 0-0 Nbd7 8. Qc2 dxc4 9. Qxc4 a6 10. Qc2 c5 11. Rd1 Qc7 12. Bf4 Qb6 13. Nc3 cxd4 14. Nxd4 Nc5 15. Rac1 Bd7 16. b4 Qxb4 17. Rb1 Qa3 18. Nb3 Rac8 19. Bc1 Qb4 20. Nd4 Qa5 21. Bd2 Na4 22. Nxa4 Qxa4 23. Qxa4 Bxa4 24. Rdc1 b5 25. Nc6 Ba3 26. Rc3 Bd6 27. Rd3 Nd5 28. Nd4 Bc5 29. e4 Nf6 30. e5 Ng4 31. h3 Nxe5 32. Re3 Bxd4 33. Ree1 Bc2 34. Rbc1 Nd3 35. Rxc2 Rxc2 36. Be3 Bxe3 37. Rxe3 Nxf2 0-1

[Event "Titled Tuesday intern op 27th Aug Early"]
[Site "Chess.com INT"]
[Date "2024.08.27"]
[Round "3"]
[White "Shukhman, Anna"]
[Black "Amarasinghe, AACB"]
[Result "1/2-1/2"]
[WhiteElo "2163"]
[BlackElo "1889"]
[PlyCount "95"]
[EventDate "2024.08.27"]
[EventType "swiss (blitz)"]
[EventRounds "11"]
[EventCountry "USA"]
[SourceTitle "EXT 2025"]
[Source "ChessBase"]
[SourceDate "2024.10.14"]
[SourceVersion "1"]
[SourceVersionDate "2024.10.14"]
[SourceQuality "1"]

1. e4 e5 2. d4 exd4 3. Qxd4 Nc6 4. Qe3 Nf6 5. Nc3 Bb4 6. Bd2 0-0 7. 0-0-0 Re8 8. Bc4 d6 9. Nf3 a5 10. Ng5 Ne5 11. Bb3 h6 12. f4 hxg5 13. fxe5 Rxe5 14. h4 g4 15. h5 Be6 16. h6 Bxb3 17. hxg7 Rh5 18. Rxh5 Nxh5 19. axb3 Qf6 20. Nd5 Bxd2+ 21. Qxd2 Qe5 22. Rh1 Kxg7 23. Ne3 Rh8 24. Nf5+ Kf8 25. Kb1 Qxe4 26. Qxa5 Qe8 27. Qxc7 g3 28. Qxd6+ Kg8 29. Nxg3 Ng7 30. Rxh8+ Kxh8 31. Qf6 Qe1+ 32. Ka2 Qxg3 33. Qd8+ Kh7 34. Qd7 Qxg2 35. Qd3+ Qg6 36. Qh3+ Qh6 37. Qf3 Qa6+ 38. Kb1 f5 39. Qh3+ Kg6 40. Qg2+ Kf6 41. Qg3 Ne6 42. Qc3+ Kf7 43. Qh3 Kf6 44. Qh8+ Ke7 45. Qh7+ Kf6 46. Qh8+ Ke7 47. Qh7+ Kf6 48. Qh8+ 1/2-1/2

[Event "Abu Dhabi Masters Online"]
[Site "Chess.com INT"]
[Date "2024.08.21"]
[Round "2"]
[White "Amarasinghe, AACB"]
[Black "Novosel, Lovro"]
[Result "0-1"]
[WhiteElo "1889"]
[BlackElo "2349"]
[PlyCount "106"]
[EventDate "2024.08.21"]
[EventType "swiss (blitz)"]
[EventRounds "11"]
[EventCountry "UAE"]
[SourceTitle "CBM 221 Extra"]
[Source "ChessBase"]
[SourceDate "2024.09.30"]
[SourceVersion "1"]
[SourceVersionDate "2024.09.30"]
[SourceQuality "1"]

1. Nf3 c5 2. c4 Nc6 3. Nc3 g6 4. g3 Bg7 5. Bg2 Nf6 6. 0-0 0-0 7. d3 d6 8. a3 Rb8 9. Rb1 b6 10. b4 Bb7 11. Bb2 cxb4 12. axb4 Nxb4 13. Nb5 Nc6 14. Nd2 a6 15. Nc3 Qc7 16. Nd5 Nxd5 17. Bxg7 Kxg7 18. cxd5 Ne5 19. h3 b5 20. f4 Nd7 21. e4 Qc3 22. Nf3 Nc5 23. Ne1 b4 24. Rf2 a5 25. Bf1 b3 26. Re2 a4 27. d4 Qxg3+ 28. Ng2 Nd3 29. Re3 Qf2+ 30. Kh2 Nb4 31. Re2 Qf3 32. Qe1 Nc2 33. Qh4 Ba6 34. Rf2 Qxe4 35. Bxa6 Nxd4 36. Re1 Nf3+ 37. Rxf3 Qxf3 38. Qxe7 b2 39. Qxd6 b1Q 40. Qe5+ Kg8 41. Rxb1 Rxb1 42. d6 a3 43. Bc4 Rb2 44. Qg5 a2 45. d7 Qxg2+ 46. Qxg2 Rxg2+ 47. Kxg2 a1Q 48. Bxf7+ Kxf7 49. d8Q Rxd8 50. f5 Qc3 51. fxg6+ Kg7 52. gxh7 Rd2+ 53. Kf1 Qc1# 0-1

[Event "Abu Dhabi Masters Online"]
[Site "Chess.com INT"]
[Date "2024.08.21"]
[Round "10"]
[White "Klaver, Cornelis"]
[Black "Amarasinghe, AACB"]
[Result "0-1"]
[WhiteElo "2072"]
[BlackElo "1889"]
[PlyCount "76"]
[EventDate "2024.08.21"]
[EventType "swiss (blitz)"]
[EventRounds "11"]
[EventCountry "UAE"]
[SourceTitle "CBM 221 Extra"]
[Source "ChessBase"]
[SourceDate "2024.09.30"]
[SourceVersion "1"]
[SourceVersionDate "2024.09.30"]
[SourceQuality "1"]

1. d4 Nf6 2. Bg5 e6 3. e4 d5 4. exd5 Qxd5 5. Nf3 Nc6 6. c3 Be7 7. Nbd2 b6 8. Bc4 Qd7 9. Bb5 Bb7 10. Ne5 Qd5 11. Qf3 Qxb5 12. c4 Qxb2 13. Rb1 Nxe5 14. Qxb7 Nd3+ 15. Ke2 Qxd4 16. Qxa8+ Kd7 17. Qxh8 Qxf2+ 18. Kxd3 Qf5+ 19. Kc3 Qxg5 20. Rhd1 Qe5+ 21. Kc2 Bd6 22. Qxg7 Qf5+ 23. Kc3 Be5+ 24. Kb4 Nd5+ 25. cxd5 Bxg7 26. dxe6+ fxe6 27. Rbc1 c5+ 28. Kb5 Kc7 29. Nc4 Bd4 30. Ka6 Qd5 31. Rxd4 Qxd4 32. Kxa7 e5 33. Nxb6 e4 34. a4 e3 35. a5 e2 36. Na8+ Kd6 37. Nb6 Qd1 38. Nc4+ Ke6 0-1

[Event "Abu Dhabi Masters Online"]
[Site "Chess.com INT"]
[Date "2024.08.21"]
[Round "6"]
[White "Pak, Yevgeniy"]
[Black "Amarasinghe, AACB"]
[Result "1-0"]
[WhiteElo "2317"]
[BlackElo "1889"]
[PlyCount "105"]
[EventDate "2024.08.21"]
[EventType "swiss (blitz)"]
[EventRounds "11"]
[EventCountry "UAE"]
[SourceTitle "CBM 221 Extra"]
[Source "ChessBase"]
[SourceDate "2024.09.30"]
[SourceVersion "1"]
[SourceVersionDate "2024.09.30"]
[SourceQuality "1"]

1. d4 Nf6 2. Nc3 d5 3. Bf4 g6 4. e3 Bg7 5. Nb5 Na6 6. Nf3 0-0 7. h3 c6 8. Nc3 Nc7 9. Be2 Nce8 10. 0-0 Nd6 11. Ne5 Nfe4 12. Nxe4 Nxe4 13. c4 Be6 14. Rc1 f6 15. Nf3 Bf7 16. Qb3 Qb6 17. c5 Qxb3 18. axb3 Rfe8 19. b4 e5 20. Bh2 exd4 21. Nxd4 f5 22. Rfd1 a5 23. b5 Rec8 24. Rd3 cxb5 25. Rdd1 b4 26. c6 bxc6 27. Nxc6 Bf8 28. f3 Nd6 29. b3 Nb7 30. Bb5 Bd6 31. Bxd6 Nxd6 32. Ne7+ Kf8 33. Nxc8 Nxb5 34. Nb6 Ra6 35. Na4 d4 36. Nc5 Rc6 37. exd4 Nc3 38. Rd2 Bd5 39. Ra1 a4 40. bxa4 b3 41. a5 Bc4 42. a6 Nb5 43. a7 Nxa7 44. Rxa7 Rb6 45. Rb2 Rb5 46. Kf2 Ke8 47. Ke3 Kd8 48. Kd2 Kc8 49. Kc3 Bf1 50. Nxb3 Bxg2 51. Nc5 Rxb2 52. Kxb2 Bxf3 53. Rxh7 1-0

[Event "SRI-ch Dini"]
[Site "Colombo"]
[Date "2024.07.31"]
[Round "4"]
[White "Gamage, Desandhi Dhihansa"]
[Black "Amarasinghe, AACB"]
[Result "0-1"]
[WhiteElo "1770"]
[BlackElo "1889"]
[PlyCount "45"]
[EventDate "2024.07.29"]
[EventType "swiss"]
[EventRounds "10"]
[EventCountry "SRI"]
[SourceTitle "CBM 221 Extra"]
[Source "ChessBase"]
[SourceDate "2024.09.30"]
[SourceVersion "1"]
[SourceVersionDate "2024.09.30"]
[SourceQuality "1"]

1. e4 Nf6 2. e5 Nd5 3. d4 d6 4. c4 Nb6 5. f4 dxe5 6. fxe5 Nc6 7. Nf3 Bg4 8. Be2 e6 9. c5 Nd5 10. 0-0 Be7 11. Nc3 0-0 12. h3 Bf5 13. Bd3 Bxd3 14. Qxd3 f6 15. exf6 Bxf6 16. Qe4 Qd7 17. Bg5 Rae8 18. Bxf6 gxf6 19. Rae1 b6 20. g3 bxc5 21. dxc5 Nxc3 22. bxc3 Ne7 23. Rb1 0-1

[Event "Titled Tuesday intern op 30th Jul Late"]
[Site "Chess.com INT"]
[Date "2024.07.30"]
[Round "1"]
[White "Amarasinghe, AACB"]
[Black "Osmak, Iulija"]
[Result "0-1"]
[WhiteElo "1889"]
[BlackElo "2464"]
[PlyCount "118"]
[EventDate "2024.07.30"]
[EventType "swiss (blitz)"]
[EventRounds "11"]
[EventCountry "USA"]
[SourceTitle "EXT 2025"]
[Source "ChessBase"]
[SourceDate "2024.10.14"]
[SourceVersion "1"]
[SourceVersionDate "2024.10.14"]
[SourceQuality "1"]

1. d4 g6 2. c4 Bg7 3. Nc3 d6 4. e4 Nc6 5. f3 Nxd4 6. Be3 c5 7. Nge2 e5 8. Ng3 Ne7 9. Be2 0-0 10. 0-0 f5 11. exf5 gxf5 12. f4 e4 13. Nh5 Bh8 14. g4 fxg4 15. Bxg4 Qe8 16. f5 Nexf5 17. Bxf5 Bxf5 18. Kh1 Nf3 19. Rxf3 exf3 20. Qxf3 Bxc3 21. Rg1+ Bg6 22. Qd5+ Qf7 23. bxc3 Qxd5+ 24. cxd5 Rf3 25. Bh6 Rxc3 26. Nf4 Kf7 27. Nxg6 hxg6 28. Rf1+ Kg8 29. Rf6 Re8 30. Bd2 Rc2 31. Rxg6+ Kf7 32. Rg2 Re5 33. Rf2+ Ke8 34. h4 Rxd5 35. Re2+ Re5 36. Rxe5+ dxe5 37. Bg5 Kf7 38. h5 c4 39. h6 Kg6 40. Be3 Rxa2 41. Kg1 c3 42. Kf1 c2 43. Ke1 c1Q+ 44. Bxc1 Ra1 45. Kd2 Rxc1 46. Kxc1 Kxh6 47. Kd2 Kg5 48. Kd3 Kf5 49. Kc4 Kf4 50. Kd5 e4 51. Kd6 e3 52. Kc7 e2 53. Kxb7 e1Q 54. Kxa7 Qb4 55. Ka6 Ke5 56. Ka7 Qb5 57. Ka8 Kd6 58. Ka7 Kc7 59. Ka8 Qa6# 0-1

[Event "Titled Tuesday intern op 30th Jul Late"]
[Site "Chess.com INT"]
[Date "2024.07.30"]
[Round "2"]
[White "Sreyas, Payyappat"]
[Black "Amarasinghe, AACB"]
[Result "0-1"]
[WhiteElo "2084"]
[BlackElo "1889"]
[PlyCount "48"]
[EventDate "2024.07.30"]
[EventType "swiss (blitz)"]
[EventRounds "11"]
[EventCountry "USA"]
[SourceTitle "EXT 2025"]
[Source "ChessBase"]
[SourceDate "2024.10.14"]
[SourceVersion "1"]
[SourceVersionDate "2024.10.14"]
[SourceQuality "1"]

1. e4 e6 2. d4 d5 3. Nc3 Bb4 4. e5 c5 5. a3 Bxc3+ 6. bxc3 Ne7 7. Qg4 Qc7 8. Qxg7 Rg8 9. Qxh7 cxd4 10. Ne2 Nbc6 11. f4 dxc3 12. Qd3 Bd7 13. Nxc3 a6 14. Be3 Nf5 15. Bf2 Rc8 16. Ne2 Na5 17. g4 Rxg4 18. Bh3 Bb5 19. Qd2 Bxe2 20. Bxg4 Bxg4 21. Rg1 Nc4 22. Qb4 Nxe5 23. Rg3 Qxc2 24. fxe5 Qe2# 0-1

[Event "Titled Tuesday intern op 28th May Early"]
[Site "Chess.com INT"]
[Date "2024.05.28"]
[Round "3"]
[White "Amarasinghe, AACB"]
[Black "Silva, Lucas"]
[Result "0-1"]
[WhiteElo "1847"]
[BlackElo "2248"]
[PlyCount "50"]
[EventDate "2024.05.28"]
[EventType "swiss (blitz)"]
[EventRounds "11"]
[EventCountry "USA"]
[SourceTitle "EXT 2025"]
[Source "ChessBase"]
[SourceDate "2024.10.14"]
[SourceVersion "1"]
[SourceVersionDate "2024.10.14"]
[SourceQuality "1"]

1. d4 f5 2. g3 Nf6 3. Bg2 e6 4. Nf3 Be7 5. 0-0 d5 6. c4 Ne4 7. Nfd2 Nc6 8. Nxe4 fxe4 9. cxd5 exd5 10. Nc3 Bf6 11. e3 0-0 12. f3 exf3 13. Qxf3 Ne7 14. Nxd5 c6 15. Nxf6+ Rxf6 16. Qe2 Rxf1+ 17. Qxf1 Be6 18. b3 Qd7 19. Bb2 Rf8 20. Qe2 Bg4 21. Qd2 h5 22. Rf1 Rxf1+ 23. Bxf1 Qf5 24. Bd3 Qf3 25. Qe2 Qxe2 0-1

[Event "Ambalangoda Dhamso op 11th"]
[Site "Ambalangoda"]
[Date "2024.05.21"]
[Round "10"]
[White "Amarasinghe, AACB"]
[Black "Newansa, M Esandi"]
[Result "1-0"]
[WhiteElo "1847"]
[BlackElo "1763"]
[PlyCount "113"]
[EventDate "2024.05.17"]
[EventType "swiss"]
[EventRounds "10"]
[EventCountry "SRI"]
[SourceTitle "CBM 220 Extra"]
[Source "ChessBase"]
[SourceDate "2024.07.31"]
[SourceVersion "1"]
[SourceVersionDate "2024.07.31"]
[SourceQuality "1"]

1. Nf3 d5 2. c4 c6 3. e3 Nf6 4. Nc3 Bf5 5. cxd5 Nxd5 6. Qb3 Nb6 7. d3 N8d7 8. e4 Bg6 9. d4 e6 10. Be3 Nf6 11. Bd3 Ng4 12. Bd2 Be7 13. h3 Nf6 14. Be3 Qc7 15. Ne5 Nfd7 16. Nxg6 hxg6 17. 0-0-0 a5 18. a3 c5 19. Nb5 Qc8 20. Qc2 0-0 21. Kb1 Qc6 22. Nc3 cxd4 23. Bb5 Qc7 24. Bxd4 Rfc8 25. h4 e5 26. Be3 Nf6 27. f3 Nc4 28. Bc1 Nxa3+ 29. bxa3 Qxc3 30. Qxc3 Rxc3 31. a4 Rac8 32. Bb2 R3c5 33. g4 Kf8 34. g5 Nh5 35. Rd7 Rc2 36. Rxb7 Rf2 37. Rd1 Rxf3 38. Rdd7 Bb4 39. Bc4 Kg8 40. Rxf7 Rxf7 41. Bxf7+ Kh7 42. Bxe5 Rd8 43. Rb6 Rd1+ 44. Kc2 Rd2+ 45. Kc1 Nf4 46. Bxf4 Rd8 47. Bxg6+ Kg8 48. Rb8 Bd2+ 49. Kd1 Rxb8 50. Bxb8 Bb4 51. h5 Be7 52. Bf4 Kh8 53. h6 gxh6 54. Be5+ Kg8 55. gxh6 Kf8 56. h7 Bf6 57. h8Q+ 1-0

[Event "Ambalangoda Dhamso op 11th"]
[Site "Ambalangoda"]
[Date "2024.05.21"]
[Round "9"]
[White "Sandaruwan, KE Dineth"]
[Black "Amarasinghe, AACB"]
[Result "0-1"]
[WhiteElo "1648"]
[BlackElo "1847"]
[PlyCount "90"]
[EventDate "2024.05.17"]
[EventType "swiss"]
[EventRounds "10"]
[EventCountry "SRI"]
[SourceTitle "CBM 220 Extra"]
[Source "ChessBase"]
[SourceDate "2024.07.31"]
[SourceVersion "1"]
[SourceVersionDate "2024.07.31"]
[SourceQuality "1"]

1. d4 Nf6 2. Nf3 g6 3. c4 Bg7 4. Nc3 d5 5. e3 0-0 6. Be2 c5 7. 0-0 cxd4 8. Nxd4 Nc6 9. Nf3 dxc4 10. Qa4 Nd7 11. Rd1 Qa5 12. Qxc4 Nde5 13. Qd5 Qc7 14. Nxe5 Nxe5 15. Nb5 Qb6 16. Nd4 Rd8 17. Qb5 Qxb5 18. Bxb5 Nc6 19. Bxc6 bxc6 20. Bd2 Bb7 21. Bc3 e5 22. Nb3 Ba6 23. Ba5 Rd5 24. e4 Rb5 25. Rac1 Rc8 26. Rd6 Bb7 27. Bc3 c5 28. f3 Bf8 29. Rd7 Bc6 30. Rxa7 c4 31. Ra5 cxb3 32. Rxb5 Bxb5 33. axb3 Bc5+ 34. Kh1 Bd4 35. h3 h5 36. Kh2 h4 37. g3 hxg3+ 38. Kxg3 Be3 39. Rd1 Bf4+ 40. Kg4 Rc7 41. Rd5 Bd7+ 42. Kh4 f6 43. b4 Kg7 44. Rd6 Kh6 45. Rb6 g5# 0-1